000 00267nam a22001097a 4500
082 _a910/HUS
100 _aHusain,Majid
_973243
245 _aIndia And World Geography
260 _aChennai
_bMcGraw Hill Education India pvt.
_c2022
650 _aGeography
942 _cBK
999 _c66205
_d66205